[Event "Iceland-ch 2020"]
[Site "Gardabaer"]
[Date "2020.08.30"]
[Round "9.4"]
[White "Petursson, Margeir"]
[Black "Jonsson, Gauti Pall"]
[Result "1/2-1/2"]
[WhiteElo "2475"]
[BlackElo "2046"]
[Annotator "ChessBase"]
[PlyCount "81"]
[EventDate "2020.08.22"]
[EventCountry "ISL"]
[SourceTitle "playchess.com"]
[Source "ChessBase"]
[SourceQuality "1"]
[TimeControl "30/5400+30:900+30"]

1. d4 {[%emt 0:00:00]} Nf6 {[%emt 0:00:00]} 2. c4 {[%emt 0:00:00]} g6 {[%emt 0:00:38]} 3. Nc3 {[%emt 0:00:00]} Bg7 {[%emt 0:00:17]} 4. e4 {[%emt 0:00:00]} d6 {[%emt 0:00:17]} 5. f3 {[%emt 0:00:04]} O-O {[%emt 0:00:28]} 6. Be3 {[%emt 0:00:05]} c5 {[%emt 0:01:31]} 7. Nge2 {[%emt 0:00:10]} Nc6 {[%emt 0:03:44]} 8. d5 {[%emt 0:01:41]} Ne5 {[%emt 0:01:03]} 9. Ng3 {[%emt 0:00:34]} h5 {[%emt 0:02:01]} 10. Be2 {[%emt 0:00:47]} e6 {[%emt 0:03:09]} 11. O-O {[%emt 0:02:28]} exd5 {[%emt 0:03:30]} 12. cxd5 {[%emt 0:00:52]} Nh7 {[%emt 0:04:08]} 13. Qd2 {[%emt 0:10:15]} h4 {[%emt 0:05:13]} 14. Nh1 {[%emt 0:00:35]} f5 {[%emt 0:01:28]} 15. Nf2 {[%emt 0:13:40]} a6 {[%emt 0:06:41]} 16. a4 {[%emt 0:03:36]} Qa5 {[%emt 0:05:17]} 17. exf5 {[%emt 0:04:13]} Bxf5 {[%emt 0:06:51]} 18. Nce4 {[%emt 0:03:37]} Qxd2 {[%emt 0:03:30]} 19. Bxd2 {[%emt 0:00:19]} Nf7 {[%emt 0:00:42]} 20. Bc3 {[%emt 0:02:44]} b6 {[%emt 0:03:25]} 21. Rfe1 {[%emt 0:03:31]} Bd7 {[%emt 0:03:52]} 22. Nd3 {[%emt 0:02:42]} g5 {[%emt 0:03:01]} 23. f4 {[%emt 0:02:59]} Bf5 {[%emt 0:08:02]} 24. Bh5 {[%emt 0:04:01]} Bxc3 {[%emt 0:03:36]} 25. bxc3 {[%emt 0:02:29]} Bxe4 {[%emt 0:02:30]} 26. Rxe4 {[%emt 0:01:02]} Nf6 {[%emt 0:01:35]} 27. Bxf7+ {[%emt 0:00:45]} Rxf7 {[%emt 0:00:57]} 28. Re6 {[%emt 0:03:29]} Nxd5 {[%emt 0:02:22]} 29. Rxd6 {[%emt 0:02:27]} Nxc3 {[%emt 0:03:48]} 30. g3 {[%emt 0:05:46]} hxg3 {[%emt 0:01:41]} 31. hxg3 {[%emt 0:16:46]} gxf4 {[%emt 0:17:22]} 32. Nxf4 {[%emt 0:00:57]} Rg7 {[%emt 0:02:04]} 33. Rxb6 {[%emt 0:06:11]} Rxg3+ {[%emt 0:00:52]} 34. Kh2 {[%emt 0:02:37]} Rg4 {[%emt 0:01:16]} 35. Rg1 {[%emt 0:06:33]} Rxg1 {[%emt 0:00:50]} 36. Kxg1 {[%emt 0:00:06]} Nxa4 {[%emt 0:00:15]} 37. Rc6 {[%emt 0:00:16]} a5 {[%emt 0:02:23]} 38. Ne6 {[%emt 0:07:17]} Nb2 {[%emt 0:01:38]} 39. Nxc5 {[%emt 0:00:39]} a4 {[%emt 0:02:25]} 40. Nxa4 {[%emt 0:00:00]} Rxa4 {[%emt 0:00:00]} 41. Rc7 {[%emt 0:00:00]} 1/2-1/2

[Event "Iceland-ch 2020"]
[Site "Gardabaer"]
[Date "2020.08.30"]
[Round "9.5"]
[White "Gretarsson, Helgi Ass"]
[Black "Thorfinnsson, Bragi"]
[Result "0-1"]
[WhiteElo "2401"]
[BlackElo "2427"]
[Annotator "ChessBase"]
[PlyCount "104"]
[EventDate "2020.08.22"]
[EventCountry "ISL"]
[SourceTitle "playchess.com"]
[Source "ChessBase"]
[SourceQuality "1"]
[TimeControl "30/5400+30:900+30"]

1. d4 {[%emt 0:00:00]} Nf6 {[%emt 0:00:00]} 2. c4 {[%emt 0:00:00]} e6 {[%emt 0:00:02]} 3. Nc3 {[%emt 0:02:26]} Bb4 {[%emt 0:00:20]} 4. Qc2 {[%emt 0:00:05]} O-O {[%emt 0:00:53]} 5. a3 {[%emt 0:01:35]} Bxc3+ {[%emt 0:00:37]} 6. Qxc3 {[%emt 0:00:01]} Nc6 {[%emt 0:02:51]} 7. Nf3 {[%emt 0:07:31]} d6 {[%emt 0:02:48]} 8. b3 {[%emt 0:16:23]} Re8 {[%emt 0:05:52]} 9. Bb2 {[%emt 0:03:57]} e5 {[%emt 0:01:28]} 10. d5 {[%emt 0:00:10]} Ne7 {[%emt 0:01:19]} 11. Nd2 {[%emt 0:00:39]} Nf5 {[%emt 0:10:35]} 12. b4 {[%emt 0:18:18]} c6 {[%emt 0:03:15]} 13. e4 {[%emt 0:01:11]} Nd4 {[%emt 0:00:38]} 14. Qd3 {[%emt 0:01:54]} cxd5 {[%emt 0:04:41]} 15. cxd5 {[%emt 0:00:02]} Nxd5 {[%emt 0:04:38]} 16. exd5 {[%emt 0:11:48]} Bf5 {[%emt 0:00:31]} 17. Qg3 {[%emt 0:00:06]} Nc2+ {[%emt 0:01:07]} 18. Kd1 {[%emt 0:00:06]} Nxa1 {[%emt 0:00:45]} 19. Bxa1 {[%emt 0:00:01]} Qd7 {[%emt 0:01:20]} 20. Bc4 {[%emt 0:00:20]} Rac8 {[%emt 0:02:32]} 21. Ke2 {[%emt 0:19:38]} b5 {[%emt 0:04:46]} 22. Bb3 {[%emt 0:02:03]} Bc2 {[%emt 0:09:02]} 23. Re1 {[%emt 0:00:14]} f5 {[%emt 0:06:15]} 24. Kf1 {[%emt 0:00:39]} Qc7 {[%emt 0:00:53]} 25. Ba2 {[%emt 0:03:58]} Kh8 {[%emt 0:01:31]} 26. h3 {[%emt 0:00:31]} a5 {[%emt 0:00:59]} 27. Kg1 {[%emt 0:04:01]} axb4 {[%emt 0:02:42]} 28. axb4 {[%emt 0:00:01]} Qa7 {[%emt 0:01:33]} 29. Bb3 {[%emt 0:01:25]} Qa3 {[%emt 0:01:30]} 30. f4 {[%emt 0:05:10]} Bxb3 {[%emt 0:06:48]} 31. Qxb3 {[%emt 0:15:32]} Qa7+ {[%emt 0:16:14]} 32. Kh1 {[%emt 0:00:40]} Qf2 {[%emt 0:02:33]} 33. Qd1 {[%emt 0:00:07]} Qxf4 {[%emt 0:01:16]} 34. Nf3 {[%emt 0:00:01]} h6 {[%emt 0:02:34]} 35. Qd3 {[%emt 0:00:20]} Rc1 {[%emt 0:02:26]} 36. Qxb5 {[%emt 0:01:09]} Rec8 {[%emt 0:00:19]} 37. Bb2 {[%emt 0:00:13]} Rxe1+ {[%emt 0:01:32]} 38. Nxe1 {[%emt 0:00:02]} Qf2 {[%emt 0:00:38]} 39. Qd7 {[%emt 0:01:39]} Qxe1+ {[%emt 0:01:00]} 40. Kh2 {[%emt 0:00:00]} Rb8 {[%emt 0:00:00]} 41. Qxd6 {[%emt 0:00:00]} Qxb4 {[%emt 0:00:00]} 42. Qxb4 {[%emt 0:00:00]} Rxb4 {[%emt 0:00:00]} 43. Bxe5 {[%emt 0:00:00]} Rb5 {[%emt 0:00:00]} 44. Kg3 {[%emt 0:00:00]} Rxd5 {[%emt 0:00:00]} 45. Kf4 {[%emt 0:00:00]} Rd2 {[%emt 0:00:00]} 46. Kxf5 {[%emt 0:00:00]} Rxg2 {[%emt 0:00:00]} 47. h4 {[%emt 0:00:00]} Kg8 {[%emt 0:00:00]} 48. Bf4 {[%emt 0:00:00]} g6+ {[%emt 0:00:00]} 49. Ke6 {[%emt 0:00:00]} Kh7 {[%emt 0:00:00]} 50. Be5 {[%emt 0:00:00]} Rf2 {[%emt 0:00:00]} 51. Bf6 {[%emt 0:00:00]} g5 {[%emt 0:00:00]} 52. hxg5 {[%emt 0:00:00]} Kg6 {[%emt 0:00:00]} 0-1